000 00349nam a2200145Ia 4500
008 150201s2008 xx 000 0 und d
082 _a618
_bD08D
100 _aDATTA, D.K.
245 _aDRUGS IN PREGNANCY -HOW SASE
250 _a1ST
260 _bJAYPEE BROTHERS
_aDELHI
_c2008
300 _a1-161
650 _aOBST & GYNAECOLOGY
942 _2ddc
_cBK
999 _c181
_d181